[Event "15th 4NCL Congress"]
[Site "Doncaster"]
[Date "2017.09.08"]
[Round "1.11"]
[White "Yoon, Jacob D"]
[Black "Dargan, Paul Ag"]
[Result "1-0"]
[WhiteElo "1843"]
[BlackElo "2104"]
[PlyCount "77"]
[EventDate "2017.09.08"]

1. e4 c5 2. Nf3 Nc6 3. d4 cxd4 4. Nxd4 Nf6 5. Nc3 e5 6. Ndb5 d6 7. Bg5 a6 8.
Na3 b5 9. Nd5 Be7 10. Bxf6 Bxf6 11. Nxf6+ Qxf6 12. Qd5 Bd7 13. c4 Na5 14. Qd2
Nxc4 15. Bxc4 bxc4 16. Nxc4 Rd8 17. Qe2 Qh4 18. Nd2 O-O 19. O-O Kh8 20. f3 f5
21. Rac1 f4 22. Rc7 Bc8 23. Qf2 Qg5 24. Rd1 Rf6 25. Nc4 Qg6 26. Nxe5 Qh5 27.
Rd5 Qe8 28. Qd2 Be6 29. Rxd6 Rxd6 30. Qxd6 Bxa2 31. Qc5 Qa4 32. Rc8+ Bg8 33.
Rxg8+ Kxg8 34. Qc8+ Rf8 35. Qe6+ Kh8 36. Nf7+ Kg8 37. Nh6+ Kh8 38. Qg8+ Rxg8
39. Nf7# 1-0

[Event "15th 4NCL Congress"]
[Site "Doncaster"]
[Date "2017.09.08"]
[Round "1.14"]
[White "Moore, Gerald"]
[Black "Simpson, Derek"]
[Result "1-0"]
[WhiteElo "2063"]
[BlackElo "1650"]
[PlyCount "41"]
[EventDate "2017.09.08"]

1. Nf3 d5 2. c4 e6 3. g3 b6 4. Bg2 Bb7 5. cxd5 Bxd5 6. Nc3 c5 7. Nxd5 exd5 8.
d4 cxd4 9. O-O Bc5 10. Nxd4 Nd7 11. Bxd5 Rc8 12. Bf4 Bxd4 13. Qxd4 Ngf6 14. Bd6
Nxd5 15. Qxd5 Qf6 16. Rac1 Nc5 17. b4 Rd8 18. bxc5 bxc5 19. Qc6+ Rd7 20. Rfd1
Qd8 21. Qe4+ 1-0

[Event "15th 4NCL Congress"]
[Site "Doncaster"]
[Date "2017.09.09"]
[Round "3.1"]
[White "Adair, James R"]
[Black "Merry, Alan B"]
[Result "0-1"]
[WhiteElo "2485"]
[BlackElo "2423"]
[PlyCount "50"]
[EventDate "2017.09.08"]

1. e4 e6 2. d4 d5 3. Nc3 Nf6 4. e5 Nfd7 5. f4 c5 6. Nf3 Nc6 7. Be3 Be7 8. Qd2
b6 9. Bb5 Bb7 10. O-O-O a6 11. Bxc6 Bxc6 12. g4 c4 13. f5 b5 14. Ne2 b4 15.
fxe6 fxe6 16. Nf4 c3 17. Qg2 cxb2+ 18. Kb1 Nf8 19. h4 Rc8 20. Nh5 Ba4 21. Rd2
Qa5 22. Bg5 Bb5 23. Nxg7+ Kd7 24. Rd3 Rc3 25. Nd2 Rxd3 0-1

[Event "15th 4NCL Congress"]
[Site "Doncaster"]
[Date "2017.09.09"]
[Round "3.2"]
[White "Wells, Peter K"]
[Black "Hebden, Mark L"]
[Result "1-0"]
[WhiteElo "2433"]
[BlackElo "2477"]
[PlyCount "61"]
[EventDate "2017.09.08"]

1. e4 d6 2. d4 Nf6 3. Nc3 e5 4. Nf3 Nbd7 5. Bc4 Be7 6. O-O c6 7. a4 Qc7 8. h3
h6 9. Nh4 exd4 10. Qxd4 Qb6 11. Qd1 Ne5 12. Bb3 g5 13. a5 Qc7 14. f4 gxh4 15.
fxe5 dxe5 16. Be3 Rg8 17. Rf3 Rg6 18. Bf2 Be6 19. Bxe6 fxe6 20. Rd3 Bb4 21. Qf3
Bxa5 22. Bxh4 Bb6+ 23. Kh1 Kf7 24. Rf1 Kg8 25. Bxf6 Rf8 26. Qh5 Kh7 27. Rdf3
Bd4 28. Ne2 Bxb2 29. c3 Qd7 30. Bxe5 Rxf3 31. Qxf3 1-0

[Event "15th 4NCL Congress"]
[Site "Doncaster"]
[Date "2017.09.09"]
[Round "3.3"]
[White "Britton, Richard L"]
[Black "Willow, Jonah B"]
[Result "1-0"]
[WhiteElo "2219"]
[BlackElo "2077"]
[PlyCount "73"]
[EventDate "2017.09.08"]

1. e4 c5 2. Nf3 e6 3. d3 Nc6 4. g3 g6 5. Bg2 Bg7 6. O-O Nge7 7. c3 e5 8. a4 O-O
9. Na3 d6 10. Rb1 h6 11. b4 b6 12. b5 Nb8 13. d4 Be6 14. h3 f6 15. Qe2 Nd7 16.
dxe5 dxe5 17. Nc4 Qc7 18. Ne3 Rad8 19. c4 Nc8 20. Nh4 Kh7 21. f4 Bf7 22. f5 g5
23. Ng6 Rfe8 24. h4 gxh4 25. gxh4 Nf8 26. Nd5 Qd6 27. h5 Bxd5 28. exd5 Nd7 29.
Be4 Rg8 30. Rb3 Nb8 31. Rg3 Nd7 32. Kh1 Ne7 33. Rfg1 Bf8 34. Qg2 Qb8 35. Nxe7
Bxe7 36. Rg7+ Kh8 37. Qg6 1-0

[Event "15th 4NCL Congress"]
[Site "Doncaster"]
[Date "2017.09.09"]
[Round "3.4"]
[White "Moreby, James E"]
[Black "Moore, Gerald"]
[Result "1/2-1/2"]
[WhiteElo "2149"]
[BlackElo "2063"]
[PlyCount "109"]
[EventDate "2017.09.08"]

1. d4 g6 2. e4 Bg7 3. c4 d6 4. Nc3 e5 5. Nf3 Bg4 6. d5 a5 7. Be2 Na6 8. O-O Nf6
9. Be3 Bd7 10. Nd2 h5 11. h3 Bh6 12. Bxh6 Rxh6 13. f4 Qe7 14. Qe1 Kf8 15. Qg3
Kg7 16. Rf2 Rf8 17. Raf1 Nh7 18. Nf3 h4 19. Qh2 f6 20. Ne1 g5 21. fxe5 fxe5 22.
Nc2 Rxf2 23. Rxf2 Rf6 24. Ne3 Rxf2 25. Kxf2 Qf6+ 26. Bf3 Nc5 27. Ke2 Qf4 28.
Qg1 Nf6 29. Qb1 g4 30. hxg4 Nxg4 31. Ncd1 h3 32. gxh3 Nh2 33. Bh1 Bxh3 34. Nf2
Ng4 35. Nfxg4 Bxg4+ 36. Nxg4 Qxg4+ 37. Bf3 Qf4 38. Qg1+ Kf6 39. Qh1 Kg7 40.
Qg2+ Kf6 41. Qh3 Qc1 42. Qh8+ Kg6 43. Qe8+ Kh6 44. Qh5+ Kg7 45. Qg4+ Kh6 46.
Qh4+ Kg7 47. Qe7+ Kg6 48. Qe8+ Kh6 49. Qf8+ Kg6 50. Qg8+ Kh6 51. Qh8+ Kg6 52.
Qh5+ Kg7 53. Qg4+ Kh6 54. Qh3+ Kg7 55. Qg4+ 1/2-1/2

[Event "15th 4NCL Congress"]
[Site "Doncaster"]
[Date "2017.09.09"]
[Round "3.5"]
[White "Starley, Robert"]
[Black "Coleman, David J"]
[Result "1-0"]
[WhiteElo "2054"]
[BlackElo "2135"]
[PlyCount "117"]
[EventDate "2017.09.08"]

1. e4 c5 2. Nf3 d6 3. d4 cxd4 4. Nxd4 Nf6 5. Nc3 a6 6. h3 e6 7. Be3 Be7 8. Be2
Qc7 9. O-O b5 10. a3 Bb7 11. Bd3 Nc6 12. Nxc6 Bxc6 13. Qd2 Rd8 14. Rfe1 Qb7 15.
f3 O-O 16. Rad1 d5 17. exd5 Nxd5 18. Nxd5 Bxd5 19. Qf2 Bf6 20. c3 Rd7 21. Rd2
Rfd8 22. Bb6 Rc8 23. Red1 g6 24. Be4 Bh4 25. Qxh4 Qxb6+ 26. Kh1 Rcd8 27. Qg5
Qc6 28. Bxd5 exd5 29. Rd4 Kg7 30. R1d3 Re8 31. Qd2 Rde7 32. Qf4 Re5 33. Rd2 h5
34. Qg3 Qc7 35. Kh2 R8e7 36. Rxd5 h4 37. Qf4 g5 38. Qd4 f6 39. Rxe5 Qxe5+ 40.
Qxe5 Rxe5 41. Kg1 Re1+ 42. Kf2 Rb1 43. Ke3 Re1+ 44. Kd4 Re5 45. Kd3 Kg6 46. Re2
Rd5+ 47. Kc2 Rd6 48. b3 f5 49. c4 bxc4 50. bxc4 g4 51. fxg4 fxg4 52. hxg4 Kg5
53. Re4 Rf6 54. Kd3 Rf2 55. Re2 Rf8 56. c5 Kxg4 57. c6 Kg3 58. c7 a5 59. Rc2
1-0

[Event "15th 4NCL Congress"]
[Site "Doncaster"]
[Date "2017.09.09"]
[Round "3.6"]
[White "Gardiner, Eric D"]
[Black "Okhai, Shabir"]
[Result "1-0"]
[WhiteElo "1955"]
[BlackElo "2111"]
[PlyCount "105"]
[EventDate "2017.09.08"]

1. d4 d5 2. c4 e6 3. Nc3 Nf6 4. cxd5 exd5 5. Bg5 Be7 6. Qc2 c6 7. e3 Nbd7 8.
Bd3 Nh5 9. Bxe7 Qxe7 10. O-O-O Nb6 11. Nf3 g6 12. Kb1 Be6 13. h3 O-O-O 14. Na4
Ng7 15. Rc1 Kb8 16. Nxb6 axb6 17. Qb3 b5 18. Ne5 Rc8 19. Qc3 f6 20. Nf3 Bf5 21.
Nd2 Bxd3+ 22. Qxd3 Rce8 23. Nb3 Qe4 24. Qxe4 Rxe4 25. Nc5 Re7 26. Nd3 Nf5 27.
h4 Rhe8 28. g4 Nd6 29. g5 fxg5 30. hxg5 Ne4 31. Rcg1 Rf8 32. Rg2 Nd2+ 33. Kc1
Nf3 34. Ne1 Nxe1 35. Rxe1 Kc7 36. Kd2 Kd6 37. Kd3 b6 38. Rh1 b4 39. f4 Rfe8 40.
Rh3 c5 41. b3 Kc6 42. Rf2 Ra8 43. f5 gxf5 44. Rh6+ Kb5 45. Rxf5 Rd7 46. dxc5
bxc5 47. Rff6 c4+ 48. Kd4 Rc7 49. Rd6 cxb3 50. axb3 Rc4+ 51. bxc4+ dxc4 52.
Rb6+ Ka4 53. Kxc4 1-0

[Event "15th 4NCL Congress"]
[Site "Doncaster"]
[Date "2017.09.09"]
[Round "3.7"]
[White "Shaw, Peter"]
[Black "Whitfield, Craig M"]
[Result "0-1"]
[WhiteElo "2111"]
[BlackElo "2054"]
[PlyCount "110"]
[EventDate "2017.09.08"]

1. d4 g6 2. c4 Nf6 3. Nc3 Bg7 4. e4 d6 5. Nf3 O-O 6. Be2 e5 7. Be3 Ng4 8. Bg5
f6 9. Bh4 g5 10. Bg3 Nh6 11. d5 Nd7 12. Nd2 f5 13. exf5 Nf6 14. Nde4 Nxe4 15.
Nxe4 Bxf5 16. Bd3 Qe8 17. O-O Qg6 18. Qc2 Ng4 19. h3 Nf6 20. Nxf6+ Rxf6 21.
Bxf5 Qxf5 22. Qxf5 Rxf5 23. Rfe1 h5 24. Re4 Bh6 25. f3 b6 26. Rc1 Kh7 27. Rc3
Rg8 28. b4 g4 29. hxg4 hxg4 30. Rxg4 Rxg4 31. fxg4 Rg5 32. c5 Rxg4 33. cxd6
cxd6 34. Rc7+ Rg7 35. Rxg7+ Kxg7 36. Bh4 Kg6 37. Be7 Kf5 38. Bxd6 Ke4 39. Bb8
Kxd5 40. Bxa7 Be3+ 41. Kf1 Kc4 42. Ke2 Bd4 43. Kf3 Kd3 44. Bb8 e4+ 45. Kg4 b5
46. Kf5 e3 47. g4 Kc4 48. Bg3 e2 49. a3 Bc3 50. Ke6 Kb3 51. Kd5 Kxa3 52. Kc5
Ka4 53. g5 e1=Q 54. Bxe1 Bxe1 55. g6 Bc3 0-1

[Event "15th 4NCL Congress"]
[Site "Doncaster"]
[Date "2017.09.09"]
[Round "3.8"]
[White "Milson, Samuel A"]
[Black "Ackley, Peter Je"]
[Result "0-1"]
[WhiteElo "2105"]
[BlackElo "1984"]
[PlyCount "72"]
[EventDate "2017.09.08"]

1. e4 g6 2. d4 Bg7 3. Nc3 d6 4. Be3 a6 5. a4 Nf6 6. h3 O-O 7. Nf3 b6 8. Bd3 Bb7
9. O-O h6 10. Qd2 Kh7 11. Nh2 e5 12. f4 exd4 13. Bxd4 Nc6 14. Be3 Nb4 15. Rae1
Nxd3 16. Qxd3 Qe8 17. Bd2 Qc6 18. Nf3 Rae8 19. Nd4 Qd7 20. e5 dxe5 21. fxe5 Nd5
22. Nf3 Rd8 23. Ne4 Qxa4 24. e6 Nf4 25. Nfg5+ hxg5 26. Nxg5+ Kh8 27. Nxf7+ Kg8
28. Qg3 Rxd2 29. Rxf4 Bd4+ 30. Kh2 Rxg2+ 31. Qxg2 Bxg2 32. Rg4 Rxf7 33. exf7+
Kxf7 34. c3 Bc6 35. Rf4+ Kg8 36. Rxd4 Qc2+ 0-1

[Event "15th 4NCL Congress"]
[Site "Doncaster"]
[Date "2017.09.09"]
[Round "3.9"]
[White "Yoon, Jacob D"]
[Black "Jarmany, John"]
[Result "0-1"]
[WhiteElo "1843"]
[BlackElo "2119"]
[PlyCount "114"]
[EventDate "2017.09.08"]

1. e4 c6 2. d4 d5 3. Nc3 dxe4 4. Nxe4 Bf5 5. Ng3 Bg6 6. Nf3 Nd7 7. h4 h6 8. h5
Bh7 9. Bd3 Bxd3 10. Qxd3 e6 11. Bf4 Qa5+ 12. c3 Ngf6 13. a3 Nd5 14. Bd2 Qc7 15.
O-O Bd6 16. Ne4 Bf4 17. g3 Bxd2 18. Qxd2 N5f6 19. Rfe1 Nxh5 20. Qe2 Nhf6 21.
Nfd2 Rd8 22. Rad1 O-O 23. b4 Rfe8 24. f4 Nxe4 25. Nxe4 Nf8 26. Qg4 Qe7 27. Qf3
Nd7 28. Re2 Nf6 29. Nc5 b6 30. Nd3 Qd6 31. Red2 Qd5 32. Qe3 Qe4 33. Qf2 Ng4 34.
Qf1 Qe3+ 35. Kg2 Qxd2+ 36. Rxd2 Ne3+ 37. Kf2 Nxf1 38. Kxf1 f6 39. Re2 Kf7 40.
Kf2 Rd5 41. Kf3 h5 42. Ke4 Red8 43. Rf2 g6 44. Rh2 Kg7 45. Re2 R8d6 46. Rb2 g5
47. Rh2 g4 48. Rb2 Kg6 49. Rb1 Rd7 50. Rb2 Rh7 51. c4 Rd8 52. Nc1 h4 53. Rg2
hxg3 54. Rxg3 f5+ 55. Ke5 Rhd7 56. Nb3 Kf7 57. d5 Rxd5+ 0-1

[Event "15th 4NCL Congress"]
[Site "Doncaster"]
[Date "2017.09.09"]
[Round "3.10"]
[White "Fernandez, Michael H"]
[Black "Dunn, Alan M"]
[Result "0-1"]
[WhiteElo "2236"]
[BlackElo "2038"]
[PlyCount "80"]
[EventDate "2017.09.08"]

1. c4 Nf6 2. g3 g6 3. Nc3 Bg7 4. Bg2 c5 5. e4 Nc6 6. Nge2 O-O 7. O-O d6 8. d3
Bg4 9. h3 Bd7 10. Rb1 Ne8 11. Be3 e5 12. f4 Qc8 13. g4 f5 14. exf5 gxf5 15. g5
Nc7 16. fxe5 Nxe5 17. Nf4 Bc6 18. Ncd5 Bxd5 19. Nxd5 Kh8 20. Nxc7 Qxc7 21. b4
cxb4 22. Rxb4 Nc6 23. Rb5 Rae8 24. Bd2 Nd4 25. Rxb7 Qc5 26. Kh1 Ne2 27. Rf3 f4
28. Bb4 Qxg5 29. Bxd6 Rg8 30. Rf2 Bd4 31. Rxe2 f3 32. Bxf3 Rxe2 33. Bg4 Rxa2
34. Rb1 h5 35. Rb5 Qe3 36. Rxh5+ Kg7 37. Qf1 Ra1 38. Bd1 Qd2 39. h4 Rxd1 40.
Rg5+ Kh6 0-1

[Event "15th 4NCL Congress"]
[Site "Doncaster"]
[Date "2017.09.09"]
[Round "3.11"]
[White "Prior, Stephen Cv"]
[Black "Murphy, Hugh W"]
[Result "1-0"]
[WhiteElo "2060"]
[BlackElo "2109"]
[PlyCount "77"]
[EventDate "2017.09.08"]

1. d4 d5 2. Bf4 Nf6 3. e3 c5 4. c3 Nc6 5. Nd2 e6 6. Ngf3 Bd6 7. Bg3 O-O 8. Bd3
b6 9. e4 Be7 10. e5 Nh5 11. a3 g6 12. O-O a5 13. Qe2 a4 14. h4 f5 15. exf6 Bxf6
16. Bb5 Nxg3 17. fxg3 Qd6 18. Bxc6 Qxc6 19. Ne5 Qd6 20. Rxf6 Rxf6 21. Ndf3 Ba6
22. Qe3 Raf8 23. Re1 Kg7 24. Kh2 Bc8 25. Ng4 Rf5 26. Nfe5 Rh5 27. Nf2 Qe7 28.
Nh3 Qf6 29. Nf3 cxd4 30. cxd4 Rf5 31. Rc1 Qe7 32. Rc6 b5 33. Qc3 Qe8 34. Ne5
Qd8 35. Rc7+ Kh8 36. Qc1 Ba6 37. Nxg6+ Kg8 38. Nxf8 Qxf8 39. Qc6 1-0

[Event "15th 4NCL Congress"]
[Site "Doncaster"]
[Date "2017.09.09"]
[Round "3.12"]
[White "Surtees, Mike J"]
[Black "Nicholson, Jim Wr"]
[Result "1-0"]
[WhiteElo "2107"]
[BlackElo "2020"]
[PlyCount "125"]
[EventDate "2017.09.08"]

1. e4 c6 2. Ne2 d5 3. e5 d4 4. Ng1 Qd5 5. f4 g5 6. Qf3 gxf4 7. Qxd5 cxd5 8. Nf3
Nc6 9. Bb5 Bd7 10. Bxc6 bxc6 11. d3 c5 12. b4 e6 13. bxc5 Bxc5 14. Bxf4 Ne7 15.
Nbd2 Rg8 16. Nb3 Bb4+ 17. Kf2 Nf5 18. a3 Bc3 19. Rab1 Rc8 20. g3 Rg6 21. Rhg1
h5 22. h3 Ba4 23. g4 hxg4 24. hxg4 Ne3 25. Bxe3 dxe3+ 26. Kxe3 Ke7 27. g5 Rgg8
28. Rg4 Bc6 29. Nbd4 Ba5 30. Nxc6+ Rxc6 31. Rb7+ Rc7 32. Rgb4 Rgc8 33. Rxc7+
Rxc7 34. Rb5 Bb6+ 35. Kd2 Kd7 36. c3 Kc6 37. Rb4 Ba5 38. Nd4+ Kd7 39. Rb3 a6
40. Ne2 Kc8 41. d4 Rc4 42. Rb1 Bd8 43. Rg1 Ra4 44. g6 fxg6 45. Rxg6 Rxa3 46.
Rxe6 Bg5+ 47. Ke1 Be3 48. Kf1 Ra5 49. Kg2 Kd7 50. Rd6+ Kc7 51. Kf3 Bd2 52. Nf4
Bxf4 53. Kxf4 Ra3 54. Rxd5 Rxc3 55. e6 Rc1 56. Rd7+ Kc8 57. Ke5 Re1+ 58. Kd6
Rd1 59. d5 Rh1 60. Ra7 Rh6 61. Rxa6 Rh7 62. Ra8+ Kb7 63. Rf8 1-0

[Event "15th 4NCL Congress"]
[Site "Doncaster"]
[Date "2017.09.09"]
[Round "3.13"]
[White "Burke, Mitchell R"]
[Black "Dargan, Paul Ag"]
[Result "1/2-1/2"]
[WhiteElo "2012"]
[BlackElo "2104"]
[PlyCount "57"]
[EventDate "2017.09.08"]

1. e4 c5 2. Nc3 Nc6 3. f4 g6 4. Nf3 Bg7 5. Bb5 Nd4 6. O-O Nxb5 7. Nxb5 d5 8. e5
d4 9. c3 a6 10. Na3 Nh6 11. cxd4 cxd4 12. d3 b5 13. Nc2 Nf5 14. Qe1 h5 15. Qf2
O-O 16. Ncxd4 Nxd4 17. Qxd4 Bf5 18. Qxd8 Rfxd8 19. d4 Rac8 20. Be3 Be4 21. Rac1
Bd5 22. b3 e6 23. Rxc8 Rxc8 24. Rc1 Rxc1+ 25. Bxc1 Bxf3 26. gxf3 Kf8 27. Kf2
Ke7 28. Ke3 Kd7 29. Ke4 1/2-1/2

[Event "15th 4NCL Congress"]
[Site "Doncaster"]
[Date "2017.09.09"]
[Round "3.14"]
[White "Burnett, Jim"]
[Black "Somton, Anita"]
[Result "1-0"]
[WhiteElo "2103"]
[BlackElo "1705"]
[PlyCount "89"]
[EventDate "2017.09.08"]

1. d4 d5 2. c4 e6 3. Nc3 Nf6 4. Bg5 Be7 5. e3 h6 6. Bh4 O-O 7. Nf3 b6 8. Bd3
Bb7 9. O-O Nbd7 10. Qe2 c5 11. Rfd1 Ne4 12. Bg3 Nxg3 13. hxg3 cxd4 14. exd4 Nf6
15. Rac1 Rc8 16. Ne5 dxc4 17. Bxc4 Nd5 18. Ne4 Kh7 19. a3 f6 20. Nf3 f5 21.
Ned2 Rf6 22. Ne5 a5 23. Ndf3 Bd6 24. Ba6 Bxa6 25. Qxa6 Ra8 26. Qb5 g5 27. Rc6
g4 28. Ne1 Ra7 29. N1d3 Rg7 30. Rdc1 Rf8 31. Nc4 Rd7 32. Nde5 Bxe5 33. dxe5 Re7
34. Nd6 Rg7 35. Rc8 Qg5 36. R1c2 Rxc8 37. Rxc8 Rc7 38. Rxc7+ Nxc7 39. Qxb6 Qc1+
40. Kh2 a4 41. Qb7 Kg6 42. Qc8 Qc6 43. Qg8+ Kh5 44. Qf7+ Kg5 45. Qg7+ 1-0

[Event "15th 4NCL Congress"]
[Site "Doncaster"]
[Date "2017.09.09"]
[Round "3.16"]
[White "Camp, Imogen Al"]
[Black "Head, Louise"]
[Result "1-0"]
[WhiteElo "1798"]
[BlackElo "2060"]
[PlyCount "81"]
[EventDate "2017.09.08"]

1. d4 d5 2. Bf4 c5 3. c3 Nc6 4. e3 Nf6 5. Nf3 Qb6 6. Qb3 c4 7. Qc2 Bf5 8. Qc1
e6 9. Nbd2 Qd8 10. b3 b5 11. a4 a6 12. Be2 Bd6 13. Bxd6 Qxd6 14. axb5 cxb3 15.
bxc6 Rb8 16. Qb2 Qxc6 17. Rxa6 Qb7 18. O-O O-O 19. Ra3 Bc2 20. Bd1 Bd3 21. Rxb3
Qc7 22. Re1 Ra8 23. Bc2 Be4 24. Nxe4 dxe4 25. Nd2 Ng4 26. g3 f5 27. c4 Qf7 28.
Nf1 g5 29. Rb7 Qg6 30. c5 f4 31. exf4 gxf4 32. Bxe4 Qf6 33. Bxh7+ Kh8 34. c6
fxg3 35. fxg3 Nf2 36. d5 e5 37. Qxe5 Qxe5 38. Rxe5 Ra2 39. Rh5 Nh3+ 40. Rxh3
Ra1 41. Bf5+ 1-0

[Event "15th 4NCL Congress"]
[Site "Doncaster"]
[Date "2017.09.09"]
[Round "3.17"]
[White "Munshi, Aditya"]
[Black "Mitra, Roman C"]
[Result "1/2-1/2"]
[WhiteElo "1901"]
[BlackElo "2117"]
[PlyCount "79"]
[EventDate "2017.09.08"]

1. c4 a6 2. Nc3 e6 3. e4 c5 4. g3 Nc6 5. Bg2 g6 6. Nge2 Bg7 7. d3 Nge7 8. Be3
Nd4 9. Qd2 Nec6 10. O-O h6 11. Rab1 d6 12. a3 Qa5 13. f4 O-O 14. g4 Kh7 15. f5
Nxe2+ 16. Qxe2 Qd8 17. Rf2 Nd4 18. Qf1 Bf6 19. fxg6+ fxg6 20. g5 hxg5 21. Bxg5
Kg7 22. Be3 Bd7 23. Ne2 Nc2 24. Bf4 Bg5 25. Qc1 Bxf4 26. Nxf4 Nd4 27. Qe3 Qh4
28. Rbf1 e5 29. Nxg6 Ne2+ 30. Qxe2 Rxf2 31. Rxf2 Kxg6 32. Qf3 Be6 33. Bf1 Kh7
34. Rg2 Qh6 35. Rf2 Rg8+ 36. Kh1 Bg4 37. Qf6 Rg6 38. Qf7+ Rg7 39. Qf6 Qh5 40.
h3 1/2-1/2

[Event "15th 4NCL Congress"]
[Site "Doncaster"]
[Date "2017.09.09"]
[Round "3.18"]
[White "Garnett, John S"]
[Black "Boswell, Jacob Connor"]
[Result "0-1"]
[WhiteElo "2005"]
[BlackElo "1914"]
[PlyCount "52"]
[EventDate "2017.09.08"]

1. d4 Nf6 2. Bg5 Ne4 3. Bf4 c5 4. d5 d6 5. f3 Qa5+ 6. Nd2 Nf6 7. e4 e6 8. dxe6
fxe6 9. c3 d5 10. Nb3 Qb6 11. Qc2 Bd6 12. Bxd6 Qxd6 13. Bb5+ Bd7 14. Bxd7+
Nbxd7 15. Ne2 O-O 16. O-O dxe4 17. fxe4 Ng4 18. Ng3 Rxf1+ 19. Nxf1 Rf8 20. Qe2
Nde5 21. h3 Nf2 22. Nfd2 Ned3 23. Nf3 Qg3 24. Rf1 Nf4 25. Rxf2 Nxe2+ 26. Rxe2
Rxf3 0-1

[Event "15th 4NCL Congress"]
[Site "Doncaster"]
[Date "2017.09.09"]
[Round "3.19"]
[White "Sheppard, Derek A"]
[Black "Middleton, Tom"]
[Result "1/2-1/2"]
[WhiteElo "1817"]
[BlackElo "2001"]
[PlyCount "58"]
[EventDate "2017.09.08"]

1. d4 Nf6 2. Nf3 g6 3. Bf4 Bg7 4. e3 O-O 5. Be2 d6 6. h3 Nbd7 7. O-O Re8 8. Bh2
b6 9. c3 Bb7 10. Nbd2 e5 11. a4 a5 12. Qb3 Qe7 13. Rac1 e4 14. Ne1 Nf8 15. Nc2
h5 16. Na3 N8h7 17. Nb5 Ng5 18. c4 Ne6 19. Qa3 Qd7 20. Nb3 Bf8 21. Qa2 Nd8 22.
c5 Nc6 23. cxd6 cxd6 24. Qb1 Rac8 25. Rfd1 Nb4 26. Bf4 Bd5 27. Nd2 Ba2 28. Qa1
Be6 29. Qb1 Ba2 1/2-1/2

[Event "15th 4NCL Congress"]
[Site "Doncaster"]
[Date "2017.09.09"]
[Round "3.20"]
[White "Truman, Richard G"]
[Black "Hilton, Tim"]
[Result "0-1"]
[WhiteElo "1932"]
[BlackElo "1839"]
[PlyCount "68"]
[EventDate "2017.09.08"]

1. c4 e5 2. Nc3 Nc6 3. Nf3 f5 4. d4 e4 5. Ng5 Be7 6. Nh3 Nf6 7. e3 O-O 8. Nf4
d6 9. Be2 Qe8 10. b3 a5 11. Bb2 Bd7 12. Qd2 g5 13. Nfd5 Bd8 14. f4 g4 15. O-O-O
Nb4 16. Nxf6+ Bxf6 17. a3 Na6 18. Nd5 Bd8 19. h3 g3 20. h4 c6 21. Nc3 Qg6 22.
h5 Qh6 23. Rh3 Bf6 24. Rxg3+ Kh8 25. Rg1 Nc7 26. d5 c5 27. Nd1 a4 28. Nf2 b5
29. Rh3 b4 30. bxa4 bxa3 31. Bxa3 Rxa4 32. Bb2 Rb8 33. Nd1 Rxb2 34. Nxb2 Ra1+
0-1

[Event "15th 4NCL Congress"]
[Site "Doncaster"]
[Date "2017.09.09"]
[Round "3.22"]
[White "Hymer, Barry J"]
[Black "Ilett, Raymond J"]
[Result "1-0"]
[WhiteElo "1683"]
[BlackElo "1876"]
[PlyCount "61"]
[EventDate "2017.09.08"]

1. d4 Nf6 2. Nf3 b6 3. c4 e6 4. Nc3 Bb7 5. Qc2 d5 6. a3 Be7 7. cxd5 Nxd5 8.
Nxd5 exd5 9. Bf4 c6 10. e3 Nd7 11. Bd3 Nf6 12. Ne5 c5 13. Qa4+ Kf8 14. O-O c4
15. Bf5 a6 16. g4 g6 17. Bh6+ Kg8 18. Kh1 Bf8 19. Bxf8 Kxf8 20. g5 gxf5 21.
gxf6 b5 22. Qd1 Bc8 23. Qh5 Qxf6 24. Rg1 Ra7 25. Rg2 f4 26. Qf3 Be6 27. Rag1
Qh6 28. exf4 f6 29. f5 Bg8 30. Qg3 fxe5 31. Qxe5 1-0

[Event "15th 4NCL Congress"]
[Site "Doncaster"]
[Date "2017.09.10"]
[Round "4.1"]
[White "Merry, Alan B"]
[Black "Wells, Peter K"]
[Result "1/2-1/2"]
[WhiteElo "2423"]
[BlackElo "2433"]
[PlyCount "68"]
[EventDate "2017.09.08"]

1. e4 e5 2. Bc4 Nf6 3. d3 Nc6 4. Nc3 Na5 5. Bb3 Nxb3 6. axb3 d6 7. f4 exf4 8.
Qf3 g6 9. Bxf4 Bg7 10. Bg5 h6 11. Bh4 O-O 12. h3 g5 13. Bf2 d5 14. Nge2 Nd7 15.
Nxd5 f5 16. d4 c6 17. Ne3 fxe4 18. Qxe4 Nf6 19. Qd3 Nd5 20. O-O Nf4 21. Nxf4
gxf4 22. Ng4 Bxg4 23. hxg4 Qd7 24. Qd1 h5 25. gxh5 f3 26. Qd3 fxg2 27. Rfe1 Rf4
28. Re4 Raf8 29. Rxf4 Rxf4 30. Re1 Qf7 31. Qg6 Qxg6 32. hxg6 Bxd4 33. Bxd4 Rxd4
34. Re2 Kg7 1/2-1/2

[Event "15th 4NCL Congress"]
[Site "Doncaster"]
[Date "2017.09.10"]
[Round "4.2"]
[White "Whitfield, Craig M"]
[Black "Britton, Richard L"]
[Result "1/2-1/2"]
[WhiteElo "2054"]
[BlackElo "2219"]
[PlyCount "92"]
[EventDate "2017.09.08"]

1. d4 Nf6 2. Bf4 e6 3. e3 c5 4. Nf3 Nc6 5. Nbd2 d5 6. c3 Bd7 7. Bd3 Qb6 8. Rb1
Be7 9. Ne5 O-O 10. h4 Rfd8 11. Ndf3 Be8 12. Bg5 h6 13. Bf4 Nxe5 14. Nxe5 Nd7
15. Qg4 Nxe5 16. Bxe5 Bf8 17. Bf6 Rdc8 18. Rh3 e5 19. Bxe5 f6 20. Bf4 Rc6 21.
Bf5 h5 22. Qf3 Bf7 23. g4 cxd4 24. exd4 Be6 25. Kf1 Bxf5 26. gxf5 Qa6+ 27. Qd3
Qxa2 28. Re3 Rb6 29. Re2 Rc8 30. b4 Qc4 31. Qxc4 Rxc4 32. Bd2 Kf7 33. Ra1 a6
34. Ra5 Rb5 35. Rxb5 axb5 36. Re6 Rc6 37. Rxc6 bxc6 38. Kg2 g6 39. fxg6+ Kxg6
40. Kf3 Kf5 41. Bf4 Be7 42. Bg3 Bf8 43. Bf4 Bg7 44. Bd2 Ke6 45. Bf4 Kf5 46. Bd2
Bf8 1/2-1/2

[Event "15th 4NCL Congress"]
[Site "Doncaster"]
[Date "2017.09.10"]
[Round "4.3"]
[White "Ackley, Peter Je"]
[Black "Starley, Robert"]
[Result "1/2-1/2"]
[WhiteElo "1984"]
[BlackElo "2054"]
[PlyCount "74"]
[EventDate "2017.09.08"]

1. g3 d5 2. Bg2 Bg4 3. f4 e6 4. d3 Nd7 5. h3 Bh5 6. Nf3 Ngf6 7. g4 Bg6 8. e3
Bc5 9. Nc3 h6 10. Bd2 Qe7 11. Qe2 O-O-O 12. O-O-O Bh7 13. Rhe1 Rhe8 14. Qf2 a6
15. Qg3 Bd6 16. h4 c6 17. Bh3 Kb8 18. e4 dxe4 19. dxe4 e5 20. f5 Rh8 21. g5
hxg5 22. hxg5 Ne8 23. Rh1 Bg8 24. Bg2 Rxh1 25. Bxh1 Nc7 26. Ng1 f6 27. g6 Bb4
28. Nge2 Bc4 29. Bf3 Nb6 30. Qf2 Bc5 31. Be3 Bxe3+ 32. Qxe3 Rxd1+ 33. Kxd1 Nd7
34. a4 a5 35. b3 Ba6 36. Ng3 Ne8 37. Be2 Bxe2+ 1/2-1/2

[Event "15th 4NCL Congress"]
[Site "Doncaster"]
[Date "2017.09.10"]
[Round "4.4"]
[White "Gardiner, Eric D"]
[Black "Adair, James R"]
[Result "0-1"]
[WhiteElo "1955"]
[BlackElo "2485"]
[PlyCount "60"]
[EventDate "2017.09.08"]

1. d4 Nf6 2. Bg5 d5 3. Bxf6 gxf6 4. c4 dxc4 5. e3 c5 6. Bxc4 cxd4 7. exd4 Bg7
8. Nc3 O-O 9. Nge2 Nc6 10. O-O f5 11. d5 Ne5 12. Bb3 Qd6 13. Nf4 Bd7 14. Qh5
Ng6 15. Nxg6 hxg6 16. Qf3 b5 17. Rab1 a5 18. a4 Bxc3 19. Qxc3 bxa4 20. Ba2 Rfc8
21. Qd2 Qb4 22. Rfd1 Rab8 23. Qe3 f4 24. Qa3 Bf5 25. Qxb4 Rxb4 26. Rbc1 Rxc1
27. Rxc1 Rxb2 28. Bc4 Rb1 29. Rxb1 Bxb1 30. d6 exd6 0-1

[Event "15th 4NCL Congress"]
[Site "Doncaster"]
[Date "2017.09.10"]
[Round "4.6"]
[White "Moreby, James E"]
[Black "Prior, Stephen Cv"]
[Result "1-0"]
[WhiteElo "2149"]
[BlackElo "2060"]
[PlyCount "59"]
[EventDate "2017.09.08"]

1. c4 Nf6 2. Nc3 e6 3. e4 d5 4. e5 d4 5. exf6 dxc3 6. bxc3 gxf6 7. d4 Nc6 8.
Nf3 b6 9. Bd3 Bb7 10. Qe2 Qd7 11. O-O O-O-O 12. Rd1 Rg8 13. Rb1 e5 14. Nh4 Kb8
15. Bf5 Qe8 16. d5 Na5 17. Rb5 a6 18. Rxa5 bxa5 19. Be3 Qa4 20. Rb1 Ba3 21. Bc2
Qd7 22. Nf5 Ka8 23. Rb3 Bf8 24. Be4 Rb8 25. c5 Qa4 26. f3 Bc8 27. d6+ c6 28. d7
Bb7 29. Rb6 Ka7 30. Nd6 1-0

[Event "15th 4NCL Congress"]
[Site "Doncaster"]
[Date "2017.09.10"]
[Round "4.7"]
[White "Jarmany, John"]
[Black "Camp, Imogen Al"]
[Result "1-0"]
[WhiteElo "2119"]
[BlackElo "1798"]
[PlyCount "79"]
[EventDate "2017.09.08"]

1. d4 d5 2. c4 e6 3. Nf3 Nf6 4. Nc3 Be7 5. e3 c6 6. Qc2 O-O 7. b3 Nbd7 8. Bb2
Re8 9. Bd3 Nf8 10. O-O Bd6 11. e4 dxe4 12. Nxe4 Nxe4 13. Bxe4 Ng6 14. g3 Qc7
15. c5 Be7 16. Ne5 Bd7 17. h4 Nf8 18. f4 f6 19. Nf3 Red8 20. Kg2 Be8 21. Rae1
Bg6 22. f5 exf5 23. Bxf5 Bxf5 24. Qxf5 Rd5 25. Qe4 Bd8 26. Bc1 Qd7 27. Re2 Bc7
28. Rfe1 Rd8 29. Bf4 Bxf4 30. Qxf4 Ng6 31. Qe4 Kf7 32. b4 a6 33. a3 Kf8 34. Kh2
Qf7 35. Kg1 R8d7 36. Ng5 Qe7 37. Qf3 Ne5 38. dxe5 Rd3 39. Qg2 Kg8 40. exf6 1-0